Empecemos a explorar

La enciclopedia (Registro nro. 12378)

Detalles MARC
000 -INDICADOR
Campo de control de longitud fija 00657nam a2200241Ia 4500
003 - IDENTIFICADOR DE NRO. DE CONTROL
Campo de control OSt
005 - FECHA Y HORA DE LA ÚLTIMA TRANSACCIÓN
Campo de control 20191021112912.0
008 - CAMPOS DE LONGITUD FIJA INFORMACIÓN GENERAL
Campo de control de longitud fija 180305s2004||||ck aaaafr|||||||0 ||spa|d
020 ## - NÚMERO INTERNACIONAL NORMALIZADO DE LIBRO (ISBN)
ISBN 84-9789-312-3
040 ## - CÓDIGO DE CATALOGADOR
Centro catalogador de origen peliigp
Lengua de catalogación español
Centro transcriptor peliigp
041 ## - CÓDIGO DE IDIOMA
Código de idioma(s) de texto spa
082 04 - SISTEMA DE CLASIFICACION DECIMAL DEWEY
Número de clasificación Dewey R/036/S3/2004/v.16
110 2# - ASIENTO PRINCIPAL--NOMBRE CORPORATIVO
9 (RLIN) 1313
Nombre corporativo o de jurisdiccion Salvat Editores
245 13 - TÍTULO PROPIAMENTE DICHO
Título La enciclopedia
260 ## - PUBLICACIÓN, DISTRIBUCIÓN, ETC. (PIE DE IMPRENTA)
Lugar de pubicación, distribución, etc. Madrid:
Nombre del editor, distribuidor MDS Books,
Fecha de publicación, distribución, etc. 2004.
300 ## - DESCRIPCIÓN FISICA
Extensión de la obra 800 páginas:
Características físicas ilustraciones;
Dimensiones 22 cm.
505 ## - NOTA DE CONTENIDO
Nota de contenido Volumen 16. pérez f. - puericia
650 14 - ASIENTO SECUNDARIO DE MATERIA--TÉRMINO GENERAL
9 (RLIN) 637
Termino Temático ENCICLOPEDIAS
650 24 - ASIENTO SECUNDARIO DE MATERIA--TÉRMINO GENERAL
9 (RLIN) 1314
Termino Temático MATERIAL DE REFERENCIA
650 24 - ASIENTO SECUNDARIO DE MATERIA--TÉRMINO GENERAL
9 (RLIN) 1315
Termino Temático ESPAÑOL
910 ## - DATOS DE OPCIÓN DE USUARIO
Catalogador phc
942 ## - ELEMENTOS DE ENTRADA AGREGADOS (KOHA)
Tipo de item Libros
Source of classification or shelving scheme Dewey Decimal Classification
Existencias
Retirado Perdido Tipo de clasificación Nivel de Daño No es para préstamos Colección Ubicación permanente Ubicación actual Préstamo Total préstamos Signatura topográfica completa Código de barras Visto por última vez Número de Ejemplar Precio efectivo desde Tipo de Item
    Dewey Decimal Classification     Colección Referencia Mayorazgo Mayorazgo 04/06/2019   R/036/S3/2004/v.16 0000298 04/06/2019 1 04/06/2019 Libros